Loading…
Labour-management relations in Japan 1990 /
| Call Number: | HD8726.5 L3.36 1990 |
|---|---|
| Corporate Author: | |
| Format: | Book |
| Language: | Inglés Japonés |
| Published: |
Tokyo, Japan :
Japan Institute of Labour,
1990.
|
| Subjects: |
MARC
| LEADER | 00000cam a2900000 a 4500 | ||
|---|---|---|---|
| 001 | 000043513 | ||
| 005 | 20160413022427.0 | ||
| 008 | 160413m19909999ja ab fr 000 0 eng d | ||
| 040 | |a HBS |b spa |d OCLCO |d OCLCF |d OCLCO |d MX-MxUAM | ||
| 041 | 0 | |a eng |a jpn | |
| 050 | 4 | |a HD8726.5 |b L3.36 1990 | |
| 082 | 0 | 0 | |a 331/.0952/05 |2 20 |
| 090 | |a f HD8726.5 |b L3.36 1990 | ||
| 245 | 0 | 0 | |a Labour-management relations in Japan 1990 / |c The Japan Institute of Labour. |
| 260 | |a Tokyo, Japan : |b Japan Institute of Labour, |c 1990. | ||
| 300 | |a 38 p. : |b il., mapas, col. ; |c 30 cm. | ||
| 505 | 2 | 0 | |g 1. |t What are the characteristics of Japanese labour managements relations? -- |g 2. |t What is the current situation of the Japanese trade unions and how are they organized? -- |g 3. |t Why is the enterprise-bases union common in Japan? -- |g 4. |t What are the activities on the centralized national labour organizations ans the industrial federations of labour?. |
| 538 | |a CFOLLETOS | ||
| 546 | |a Texto en inglés y japonés. | ||
| 650 | 0 | |a Industrial relations |z Japan | |
| 650 | 4 | |a Relaciones industriales |z Japón | |
| 650 | 4 | |a Trabajo y trabajadores |z Japón | |
| 650 | 4 | |a Sindicatos |z Japón | |
| 710 | 2 | |a Japan Institute of Labour. | |
| 905 | |a LIBROS | ||
| 905 | |a FOLLETOS | ||
| 902 | |a Laura M. Hermenegildo C. | ||
| 938 | |c CSH | ||
| 949 | |a Biblioteca UAM Iztapalapa |b Colección Folletos |c f HD8726.5 L3.36 1990 | ||